VARIABILITY OF GLOBAL SOLAR RADIATION AT HURBANOVO AND AT SKALNATÉ PLESO

Bibliographic Details
Main Authors: Ostrožlík, M. (Author), Horecká, V. (Author)
Format: Article
Language:English

MARC

LEADER 00000naa a2200000uu 4500
001 vtls011085002
003 SK-MaSNL
005 20260302105107.0
008 210905|1996 xo |||||||||||||||||eng|
015 |a SNBRA 
035 |a (urnnbn)urn:nbn:sk:snk:ar-a0clo4 
035 |a (uuid)9047d5b6-0b5b-4fbd-ae59-211b93e65be8 
035 |a urn:nbn:sk:snk-aavrk4 
040 |a SNKBUCL  |b slo  |c SNKBUCL  |e AACR2 
041 0 |a eng 
044 |a xo  |c SK 
100 1 |a Ostrožlík, M.  |4 aut  |9 444490 
245 1 0 |a VARIABILITY OF GLOBAL SOLAR RADIATION AT HURBANOVO AND AT SKALNATÉ PLESO  |c M. Ostrožlík, V. Horecká 
700 1 |a Horecká, V.  |4 aut  |9 778400 
773 0 |t Meteorological processes in the boundary layer of the atmosphere  |d Bratislava : Geophysical Institute of the Slovak Academy of Sciences, 1996  |g S. 42-47  |z 8085754053 
958 |a OND 
958 |a article12 
958 |a chapter 
999 |c 1237370  |d 1239300